| 000 | 01192cab a2200229 4500 | ||
|---|---|---|---|
| 001 | ABS68659 | ||
| 008 | 050125n2005 000 0 eng u | ||
| 035 | _a(Sirsi) u128609 | ||
| 100 | _aSmith, M. | ||
| 245 | _aHousing Act 2004: the affect (sic) on residential lettings | ||
| 260 | _c2005 | ||
| 490 |
_aEstate Agent _vJanuary 2005, 36-37(2) |
||
| 520 | _aConcentrates on those provisions in the Housing Act 2004, which affect residential letting agents and landlords. Outlines the provisions protecting tenants' deposits including the creation of government-approved tenancy deposit schemes. RICS, NAEA and ARLA have set up the "Tenancy deposit scheme for regulated agents", which will be presented to government as the professional agents' authorised scheme. Also explains the licensing proposals for houses in multiple occupation, which will affect many agents and landlords. | ||
| 590 | _aABS | ||
| 650 | _aHOUSING ACT 2004 | ||
| 650 | _aRESIDENTIAL LETTING AGENTS | ||
| 650 | _aLANDLORDS | ||
| 650 | _aTENANCY DEPOSIT SCHEME (TDS) | ||
| 650 | _aRENTAL DEPOSITS | ||
| 690 | _aPROPERTY-RESIDENTIAL PROPERTY-RESIDENTIAL LANDLORD AND TENANT-RESIDENTIAL TENANCIES | ||
| 942 | _n0 | ||
| 999 |
_c74754 _d74754 |
||